MARC

LEADER 00000nam0a2200000 4500
001 672350
005 20241028094737.0
090 |a 672350 
100 |a 20240502d1969 k||y0rusy50 ca 
101 0 |a rus  |c rus 
102 |a RU 
105 |a a|||z|||001yy 
181 0 |a i   |b  e  
182 0 |a n 
183 0 |a nc  |2 RDAcarrier 
200 1 |a Кислород и электротермия в цветной металлургии  |e сборник  |f Всесоюзный научно-исследовательский горнометаллургический институт цветных металлов ВНИИЦВЕТМЕТ 
203 |a Текст  |b визуальный  |c непосредственный 
210 |a Москва  |c Металлургия  |d 1969 
215 |a 144 с.  |c ил. 
225 |a Сборник научных трудов  |v № 18 
283 |a volume  |2 RDAcarrier 
320 |a Библиография в конце статей 
606 1 |a Кислород  |x Применение в цветной металлургии  |9 40808 
606 1 |a Цветные металлы  |x Электроплавка  |9 43450 
610 1 |a свинцовая плавка 
610 1 |a обжиг 
610 1 |a экономическая эффективность 
610 1 |a кипящий слой 
610 1 |a расплавы 
610 1 |a очистка газов 
610 1 |a температура плавления 
675 |a 669.2.09  |v 4  |z rus 
675 |a 669.2.053  |v 4  |z rus 
712 0 2 |7 ca  |8 rus  |a Всесоюзный научно-исследовательский горно-металлургический институт цветных металлов  |c (Казахстан, Усть-Каменогорск)  |c (1950-1992)  |9 88526 
801 0 |a RU  |b 63413507 
850 |a 63413507 
942 |c CR